000 00323nam a2200145Ia 4500
008 230917s9999||||xx |||||||||||||| ||und||
040 _e37667
_aMAIN
041 _aEnglish
082 _a823.7 T749S:T
100 _aSnow C.P
245 0 _aTrollop
260 _aLondon
_bMacmillan
_c1975
300 _a191 p.
942 _cBK
999 _c200733
_d200733